<?xml version="1.0" encoding="UTF-8"?>
<record
    xmlns:xsi="http://www.w3.org/2001/XMLSchema-instance"
    xsi:schemaLocation="http://www.loc.gov/MARC21/slim http://www.loc.gov/standards/marcxml/schema/MARC21slim.xsd"
    xmlns="http://www.loc.gov/MARC21/slim">

  <leader>01354nam a2200277 i 4500</leader>
  <controlfield tag="001">bg</controlfield>
  <datafield tag="111" ind1="2" ind2=" ">
    <subfield code="a">Biomechanika '94</subfield>
    <subfield code="n">(12 ;</subfield>
    <subfield code="d">1994 ;</subfield>
    <subfield code="c">Wroc&#x142;aw-Szklarska Por&#x119;ba).</subfield>
  </datafield>
  <datafield tag="245" ind1="0" ind2="0">
    <subfield code="a">Biomechanika '94 =</subfield>
    <subfield code="b">Biomechanics '94 : XII Szko&#x142;a Biomechaniki, Wroc&#x142;aw-Szklarska Por&#x119;ba, 20-23 pa&#x17A;dziernika 1994 r. /</subfield>
    <subfield code="c">[red. Romuald B&#x119;dzi&#x144;ski et al.].</subfield>
  </datafield>
  <datafield tag="260" ind1=" " ind2=" ">
    <subfield code="a">Wroc&#x142;aw :</subfield>
    <subfield code="b">Oficyna Wydawnicza PW,</subfield>
    <subfield code="c">1994.</subfield>
  </datafield>
  <datafield tag="300" ind1=" " ind2=" ">
    <subfield code="a">354 s. :</subfield>
    <subfield code="b">fot., rys., wykr. ;</subfield>
    <subfield code="c">30 cm.</subfield>
  </datafield>
  <datafield tag="490" ind1="1" ind2=" ">
    <subfield code="a">Prace Naukowe Instytutu Konstrukcji i Eksploatacji Maszyn Politechniki Wroc&#x142;awskiej. Konferencje =</subfield>
    <subfield code="a">Scientific Papers of the Institute of Machine Design and Operation of the Technical University of Wroc&#x142;aw. Conferences,</subfield>
    <subfield code="x">0324-9646 ;</subfield>
    <subfield code="v">21</subfield>
  </datafield>
  <datafield tag="500" ind1=" " ind2=" ">
    <subfield code="a">Tekst cz&#x119;&#x15B;c. ang.</subfield>
  </datafield>
  <datafield tag="500" ind1=" " ind2=" ">
    <subfield code="a">Numeracja ser. g&#x142;. : 75.</subfield>
  </datafield>
  <datafield tag="504" ind1=" " ind2=" ">
    <subfield code="a">Bibliogr., streszcz., summ. przy ref. - Indeks.</subfield>
  </datafield>
  <datafield tag="650" ind1=" " ind2="9">
    <subfield code="a">Biomechanika</subfield>
  </datafield>
  <datafield tag="650" ind1=" " ind2="9">
    <subfield code="a">Chirurgia</subfield>
  </datafield>
  <datafield tag="655" ind1=" " ind2=" ">
    <subfield code="a">Materia&#x142;y konferencyjne</subfield>
  </datafield>
  <datafield tag="700" ind1="1" ind2=" ">
    <subfield code="a">B&#x118;DZI&#x143;SKI, Romuald.</subfield>
    <subfield code="e">Red.</subfield>
  </datafield>
  <datafield tag="711" ind1="2" ind2=" ">
    <subfield code="a">Szko&#x142;a Biomechaniki</subfield>
    <subfield code="n">(12 ;</subfield>
    <subfield code="d">1994 ;</subfield>
    <subfield code="c">Wroc&#x142;aw-Szklarska Por&#x119;ba)</subfield>
    <subfield code="e">ak</subfield>
  </datafield>
  <datafield tag="830" ind1=" " ind2="0">
    <subfield code="a">Prace Naukowe Instytutu Konstrukcji i Eksploatacji Maszyn Politechniki Wroc&#x142;awskiej.</subfield>
    <subfield code="p">Konferencje ;</subfield>
    <subfield code="v">21</subfield>
  </datafield>
  <datafield tag="040" ind1=" " ind2=" ">
    <subfield code="c">BPK</subfield>
  </datafield>
  <datafield tag="041" ind1="0" ind2=" ">
    <subfield code="a">engpol</subfield>
    <subfield code="b">engpol</subfield>
  </datafield>
  <datafield tag="080" ind1=" " ind2=" ">
    <subfield code="a">611.7:531:617:615.47:796.015](061.3)</subfield>
  </datafield>
  <datafield tag="942" ind1=" " ind2=" ">
    <subfield code="c">KS</subfield>
  </datafield>
  <controlfield tag="008">      s        pl     f     |000 0 pol  </controlfield>
  <datafield tag="999" ind1=" " ind2=" ">
    <subfield code="c">30772</subfield>
    <subfield code="d">30772</subfield>
  </datafield>
  <datafield tag="952" ind1=" " ind2=" ">
    <subfield code="0">0</subfield>
    <subfield code="1">0</subfield>
    <subfield code="4">0</subfield>
    <subfield code="7">0</subfield>
    <subfield code="a">BPK</subfield>
    <subfield code="b">BPK</subfield>
    <subfield code="c">w</subfield>
    <subfield code="o">37617</subfield>
    <subfield code="p">01082913</subfield>
    <subfield code="y">KS</subfield>
  </datafield>
</record>
